[Event "28th European Club Cup Eilat"]
[Site "Eilat"]
[Date "2012.10.16"]
[Round "6"]
[White "Vitiugov, Nikita"]
[Black "Topalov, Veselin"]
[Result "1/2-1/2"]
[WhiteElo "2691"]
[BlackElo "2751"]
[PlyCount "81"]
[EventDate "2012.10.11"]
[EventRounds "7"]
[EventCountry "ISR"]

1. d4 Nf6 2. c4 e6 3. Nc3 Bb4 4. Qc2 d5 5. cxd5 exd5 6. Bg5 h6 7. Bh4 c5 8.
dxc5 g5 9. Bg3 Ne4 10. e3 Qa5 11. Rc1 Nc6 12. Bd3 Nxg3 13. hxg3 d4 14. exd4
Nxd4 15. Qd1 Bxc5 16. Nf3 Bg4 17. O-O Kf8 18. Nb5 Bxf3 19. gxf3 Bb6 20. Nxd4
Bxd4 21. Qb3 Kg7 22. Qxb7 Rab8 23. Qe4 Bxb2 24. Rc6 Qe5 25. Qc4 Rb6 26. Rc5 Qd4
27. Rf5 Rf6 28. Qxd4 Bxd4 29. Rxf6 Bxf6 30. Bc4 Rc8 31. Bb3 Bb2 32. Rd1 Rc1 33.
Rxc1 Bxc1 34. g4 a5 35. Kf1 Bf4 36. Ke2 f6 37. Kd3 Bd6 38. Ke3 Bf4+ 39. Kd3 Bd6
40. Ke3 Bf4+ 41. Kd3 1/2-1/2

[Event "28th European Club Cup Eilat"]
[Site "Eilat"]
[Date "2012.10.16"]
[Round "6"]
[White "Grischuk, Alexander"]
[Black "Movsesian, Sergei"]
[Result "1-0"]
[WhiteElo "2752"]
[BlackElo "2699"]
[PlyCount "93"]
[EventDate "2012.10.11"]
[EventRounds "7"]
[EventCountry "ISR"]

1. e4 e5 2. Nf3 Nc6 3. Bb5 Nf6 4. O-O Nxe4 5. d4 Nd6 6. Bxc6 dxc6 7. dxe5 Nf5
8. Qxd8+ Kxd8 9. Nc3 Ke8 10. h3 h5 11. Ne2 Be7 12. Re1 Nh4 13. Nxh4 Bxh4 14.
Bf4 Be7 15. Nd4 g5 16. Bh2 Rh6 17. Rad1 Bd7 18. e6 Bxe6 19. Nxe6 Rxe6 20. Rxe6
fxe6 21. Bxc7 Rc8 22. Be5 b5 23. Kf1 a5 24. Ke2 a4 25. g4 h4 26. Ke3 c5 27. c3
c4 28. a3 Bc5+ 29. Ke2 Ke7 30. f4 Rf8 31. Rf1 Bd6 32. Bxd6+ Kxd6 33. fxg5 Rg8
34. Rd1+ Ke7 35. Ke3 Rxg5 36. Kf4 Rg8 37. g5 Rf8+ 38. Kg4 Rf2 39. Kh5 Rxb2 40.
g6 Kf6 41. Rf1+ Kg7 42. Rf7+ Kg8 43. Kh6 Rd2 44. Rg7+ Kh8 45. Rh7+ Kg8 46. g7
Kf7 47. Rh8 1-0

[Event "28th European Club Cup Eilat"]
[Site "Eilat"]
[Date "2012.10.16"]
[Round "6"]
[White "Efimenko, Zahar"]
[Black "Kamsky, Gata"]
[Result "1/2-1/2"]
[WhiteElo "2689"]
[BlackElo "2755"]
[PlyCount "66"]
[EventDate "2012.10.11"]
[EventRounds "7"]
[EventCountry "ISR"]

1. e4 e5 2. Nf3 Nc6 3. Bb5 a6 4. Ba4 Nf6 5. O-O Be7 6. d3 b5 7. Bb3 d6 8. a4
Bd7 9. c3 O-O 10. Nbd2 Na5 11. Bc2 c5 12. Re1 Qc7 13. Nf1 h6 14. Ne3 c4 15. d4
Rfe8 16. axb5 axb5 17. Nd5 Nxd5 18. exd5 Bf8 19. h3 Rad8 20. Be3 Nb3 21. Bxb3
cxb3 22. dxe5 dxe5 23. Qxb3 Ra8 24. Nd2 Qd6 25. Rxa8 Rxa8 26. Kh1 Ra4 27. f3
Qg6 28. Bf2 Qd3 29. Ne4 Rb4 30. Qa2 Ra4 31. Qb3 Rb4 32. Qa2 Ra4 33. Qb3 Rb4
1/2-1/2

[Event "28th European Club Cup Eilat"]
[Site "Eilat"]
[Date "2012.10.16"]
[Round "6"]
[White "Andreikin, Dmitry"]
[Black "Ivanchuk, Vassily"]
[Result "1/2-1/2"]
[WhiteElo "2718"]
[BlackElo "2771"]
[PlyCount "89"]
[EventDate "2012.10.11"]
[EventRounds "7"]
[EventCountry "ISR"]

1. Nf3 Nf6 2. c4 b6 3. g3 c5 4. Bg2 Bb7 5. O-O g6 6. Nc3 Bg7 7. d4 cxd4 8. Qxd4
Nc6 9. Qf4 Qb8 10. Rd1 Qxf4 11. Bxf4 O-O 12. Ne5 Rfd8 13. Nxc6 Bxc6 14. Bc7
Rdc8 15. Bxc6 dxc6 16. Be5 Rd8 17. b3 Ne8 18. Bxg7 Nxg7 19. f4 f6 20. Kf2 Kf7
21. e3 Ke8 22. Kf3 Ne6 23. g4 Nc5 24. Ne4 Rxd1 25. Rxd1 Rd8 26. Rxd8+ Kxd8 27.
Nxc5 bxc5 28. h4 f5 29. e4 e6 30. h5 Ke7 31. hxg6 hxg6 32. e5 Kf7 33. a3 a5 34.
Kg3 Kg7 35. Kh3 Kh7 36. Kg2 Kh6 37. Kf3 g5 38. gxf5 exf5 39. fxg5+ Kxg5 40. Ke3
f4+ 41. Ke4 f3 42. Kxf3 Kf5 43. e6 Kxe6 44. Ke4 Kf6 45. Kf4 1/2-1/2

[Event "28th European Club Cup Eilat"]
[Site "Eilat"]
[Date "2012.10.16"]
[Round "6"]
[White "Volokitin, Andrei"]
[Black "Nepomniachtchi, Ian"]
[Result "1/2-1/2"]
[WhiteElo "2724"]
[BlackElo "2704"]
[PlyCount "81"]
[EventDate "2012.10.11"]
[EventRounds "7"]
[EventCountry "ISR"]

1. e4 e6 2. d4 d5 3. e5 c5 4. c3 Nc6 5. Nf3 Bd7 6. Na3 cxd4 7. cxd4 Bxa3 8.
bxa3 Nge7 9. Bd3 Qa5+ 10. Qd2 Rc8 11. Rb1 b6 12. O-O Qxd2 13. Bxd2 Nf5 14. Ba6
Nfxd4 15. Nxd4 Nxd4 16. Rb4 Nc6 17. Bxc8 Bxc8 18. Rc1 Bb7 19. Rg4 Rg8 20. Rf4
h5 21. h4 g6 22. a4 d4 23. a5 bxa5 24. Rc5 Kf8 25. Rf3 Kg7 26. Rb3 Ba8 27. Bxa5
f6 28. f4 fxe5 29. fxe5 Rf8 30. Bc7 g5 31. hxg5 Kg6 32. Rb2 Kxg5 33. Rbc2 d3
34. Rf2 Rxf2 35. Kxf2 d2 36. Ke2 Nd4+ 37. Kxd2 Bxg2 38. Ke3 Nc6 39. Kf2 Bd5 40.
Rc3 h4 41. Rxc6 1/2-1/2

[Event "28th European Club Cup Eilat"]
[Site "Eilat"]
[Date "2012.10.16"]
[Round "6"]
[White "Smirin, Ilia"]
[Black "Morozevich, Alexander"]
[Result "1-0"]
[WhiteElo "2638"]
[BlackElo "2758"]
[PlyCount "103"]
[EventDate "2012.10.11"]
[EventRounds "7"]
[EventCountry "ISR"]

1. e4 e5 2. Nf3 Nc6 3. Bb5 a6 4. Ba4 Nf6 5. O-O b5 6. Bb3 Bc5 7. Nc3 O-O 8. d3
Bb7 9. a4 Na5 10. axb5 Nxb3 11. cxb3 axb5 12. Rxa8 Bxa8 13. Nxe5 b4 14. Ne2 d5
15. d4 Be7 16. exd5 Nxd5 17. Qc2 Bd6 18. Nc4 Re8 19. Nxd6 Qxd6 20. Ng3 Qf6 21.
Rd1 h6 22. h3 Re6 23. Qd3 Qd8 24. Bd2 Rg6 25. Re1 Bc6 26. Re5 Qa8 27. Kh2 Qa1
28. Qc2 Qa7 29. Qc4 Qb7 30. f3 Kh7 31. Nf5 Rf6 32. Qd3 Kh8 33. Ne7 Nxe7 34.
Rxe7 Qb8 35. Qc4 Kg8 36. Qxb4 Qd8 37. Qc5 Rd6 38. Rxc7 Qxc7 39. Bf4 Rd5 40.
Bxc7 Rxc5 41. dxc5 f6 42. Kg3 Kf7 43. Bd6 g6 44. Kf2 Ke6 45. Ke3 g5 46. g4 Kf7
47. b4 Kg6 48. Kd4 f5 49. Kc4 Bxf3 50. b5 fxg4 51. hxg4 Kf7 52. c6 1-0

[Event "28th European Club Cup Eilat"]
[Site "Eilat"]
[Date "2012.10.16"]
[Round "6"]
[White "Tomashevsky, Evgeny"]
[Black "Romanov, Evgeny"]
[Result "1/2-1/2"]
[WhiteElo "2720"]
[BlackElo "2611"]
[PlyCount "80"]
[EventDate "2012.10.11"]
[EventRounds "7"]
[EventCountry "ISR"]

1. d4 d5 2. c4 dxc4 3. e4 Nf6 4. e5 Nd5 5. Bxc4 Nb6 6. Bd3 Nc6 7. Be3 Nb4 8.
Be4 f5 9. exf6 exf6 10. Nc3 f5 11. Bb1 N4d5 12. Nf3 Nxe3 13. fxe3 Bd6 14. e4
O-O 15. O-O c6 16. a4 fxe4 17. Bxe4 Kh8 18. a5 Nd5 19. Bxd5 cxd5 20. Ne5 Be6
21. Qh5 Rxf1+ 22. Rxf1 Qxa5 23. Ne4 Bxe5 24. Qxe5 Bg8 25. Nd6 Qb6 26. Rf6 Qxb2
27. h4 Qc1+ 28. Kh2 Qc7 29. Nf7+ Qxf7 30. Rxf7 Bxf7 31. Qc7 Kg8 32. Qxb7 Re8
33. Qxa7 h5 34. Qd7 Re4 35. Qc8+ Re8 36. Qf5 Re4 37. Qc8+ Re8 38. Qf5 Re4 39.
Qc8+ Re8 40. Qf5 Re4 1/2-1/2

[Event "28th European Club Cup Eilat"]
[Site "Eilat"]
[Date "2012.10.16"]
[Round "6"]
[White "Avrukh, Boris"]
[Black "Moiseenko, Alexander"]
[Result "1/2-1/2"]
[WhiteElo "2585"]
[BlackElo "2700"]
[PlyCount "87"]
[EventDate "2012.10.11"]
[EventRounds "7"]
[EventCountry "ISR"]

1. d4 Nf6 2. c4 e6 3. g3 Bb4+ 4. Bd2 c5 5. Bxb4 cxb4 6. Bg2 O-O 7. e4 d6 8. Ne2
e5 9. a3 Qb6 10. Qd2 Nc6 11. axb4 Nxb4 12. Na3 Bg4 13. f3 Be6 14. O-O Rfc8 15.
b3 Rd8 16. Kh1 Bd7 17. Rfd1 h6 18. h3 a5 19. Qc3 Qc7 20. Rd2 b6 21. Qb2 Rac8
22. Rad1 Bc6 23. Kh2 Nd7 24. Nc3 Qb8 25. Nab5 Nf8 26. h4 Bd7 27. Re2 Ne6 28.
Bh3 Nf8 29. Bxd7 Rxd7 30. Qd2 Rcd8 31. Qe3 Nh7 32. Red2 Nf6 33. Na4 Na6 34. Kg2
Nc7 35. Nac3 Ne6 36. Na4 Nc7 37. Nxc7 Qxc7 38. Nc3 Qc6 39. Rd3 Qb7 40. Qc1 Qc6
41. Qa3 Qc7 42. Qa4 Kh7 43. Qb5 Re7 44. dxe5 1/2-1/2

[Event "28th European Club Cup Eilat"]
[Site "Eilat"]
[Date "2012.10.16"]
[Round "6"]
[White "Jakovenko, Dmitry"]
[Black "Ponomariov, Ruslan"]
[Result "1/2-1/2"]
[WhiteElo "2732"]
[BlackElo "2735"]
[PlyCount "81"]
[EventDate "2012.10.11"]
[EventRounds "7"]
[EventCountry "ISR"]

1. Nf3 d5 2. d4 Nf6 3. c4 dxc4 4. e3 e6 5. Bxc4 c5 6. O-O a6 7. Nc3 b5 8. Be2
Nbd7 9. d5 exd5 10. Nxd5 Bb7 11. Nxf6+ Nxf6 12. Qxd8+ Rxd8 13. a4 b4 14. Nd2
Bd6 15. f3 Nd5 16. Nc4 Bc7 17. e4 Nf4 18. Bxf4 Bxf4 19. e5 Bd5 20. Rfe1 Ke7 21.
a5 Be6 22. Rad1 b3 23. g3 Rxd1 24. Rxd1 Bxc4 25. Bxc4 Bxe5 26. Rd3 Rb8 27. Rxb3
Rxb3 28. Bxb3 Bxb2 29. Bc4 Bc3 30. Bxa6 Bxa5 31. Bc4 g5 32. Kf2 f5 33. Bd3 Kf6
34. g4 fxg4 35. Bxh7 gxf3 36. Kxf3 c4 37. h3 c3 38. Kg4 Bb6 39. h4 gxh4 40.
Kxh4 c2 41. Bxc2 1/2-1/2

[Event "28th European Club Cup Eilat"]
[Site "Eilat"]
[Date "2012.10.16"]
[Round "6"]
[White "Malakhov, Vladimir"]
[Black "Bologan, Viktor"]
[Result "1/2-1/2"]
[WhiteElo "2713"]
[BlackElo "2695"]
[PlyCount "83"]
[EventDate "2012.10.11"]
[EventRounds "7"]
[EventCountry "ISR"]

1. c4 c5 2. Nf3 Nc6 3. Nc3 g6 4. g3 Bg7 5. Bg2 e6 6. d4 cxd4 7. Nb5 d5 8. cxd5
exd5 9. Nbxd4 Nge7 10. O-O O-O 11. Be3 Re8 12. Rc1 Nf5 13. Nxc6 bxc6 14. Bd4
Ba6 15. Re1 Nxd4 16. Nxd4 Bxd4 17. Qxd4 Bxe2 18. Rxc6 Bc4 19. Ra1 Qa5 20. h4
Re1+ 21. Rxe1 Qxe1+ 22. Kh2 Bxa2 23. h5 Qe2 24. h6 Qh5+ 25. Kg1 Qxh6 26. Qa4
Bb1 27. Bxd5 Re8 28. Rxg6+ Bxg6 29. Qxe8+ Qf8 30. Qe5 a5 31. Kg2 Qc8 32. Kf3
Qc2 33. Qd4 Qc8 34. Qe5 Qc2 35. Kg2 Qd2 36. g4 h6 37. Kg3 Qd3+ 38. f3 a4 39.
Qe8+ Kg7 40. Qe5+ Kg8 41. Qe8+ Kg7 42. Qe5+ 1/2-1/2

[Event "28th European Club Cup Eilat"]
[Site "Eilat"]
[Date "2012.10.16"]
[Round "6"]
[White "Gelfand, Boris"]
[Black "Timofeev, Artyom"]
[Result "1-0"]
[WhiteElo "2736"]
[BlackElo "2631"]
[PlyCount "65"]
[EventDate "2012.10.11"]
[EventRounds "7"]
[EventCountry "ISR"]

1. d4 Nf6 2. c4 g6 3. f3 d5 4. cxd5 Nxd5 5. e4 Nb6 6. Nc3 Bg7 7. Be3 Nc6 8. d5
Ne5 9. f4 Ng4 10. Bd4 Nf6 11. Bb5+ Bd7 12. Bxd7+ Qxd7 13. Nf3 O-O 14. O-O c6
15. dxc6 Qxc6 16. Qe1 Rfd8 17. Rc1 Rac8 18. e5 Nfd7 19. Qh4 Nf8 20. Rce1 Ne6
21. Be3 Nc4 22. Qf2 b6 23. Bc1 Nc5 24. Qe2 Nd3 25. Rd1 Nxc1 26. Rxd8+ Rxd8 27.
Rxc1 Bh6 28. Ne4 b5 29. g3 f5 30. exf6 exf6 31. b3 f5 32. Nf2 Re8 33. Qd3 1-0

[Event "28th European Club Cup Eilat"]
[Site "Eilat"]
[Date "2012.10.16"]
[Round "6"]
[White "Pelletier, Yannick"]
[Black "Leko, Peter"]
[Result "1/2-1/2"]
[WhiteElo "2601"]
[BlackElo "2734"]
[PlyCount "81"]
[EventDate "2012.10.11"]
[EventRounds "7"]
[EventCountry "ISR"]

1. d4 Nf6 2. c4 e6 3. g3 d5 4. Bg2 Be7 5. Nf3 O-O 6. O-O dxc4 7. Qc2 a6 8. a4
Bd7 9. Qxc4 Bc6 10. Bg5 Bd5 11. Qd3 c5 12. dxc5 Bxc5 13. Nc3 Bc6 14. Ne5 Qxd3
15. Nxd3 Be7 16. Bxf6 gxf6 17. Rfc1 f5 18. e4 fxe4 19. Nxe4 Nd7 20. Nec5 Nxc5
21. Nxc5 Bxg2 22. Kxg2 Bxc5 23. Rxc5 Rfc8 24. Rac1 Rxc5 25. Rxc5 Rd8 26. Rc7
Rd4 27. Rxb7 Rxa4 28. b4 Kg7 29. b5 axb5 30. Rxb5 Kg6 31. Rc5 f6 32. Rc8 e5 33.
Rg8+ Kf7 34. Rh8 Kg7 35. Re8 Kf7 36. Rh8 Kg7 37. Re8 Kf7 38. Rh8 Kg7 39. Re8
Kf7 40. Rh8 Kg7 41. Re8 1/2-1/2

[Event "28th European Club Cup Eilat"]
[Site "Eilat"]
[Date "2012.10.16"]
[Round "6"]
[White "Giri, Anish"]
[Black "Brunner, Lucas"]
[Result "1-0"]
[WhiteElo "2730"]
[BlackElo "2448"]
[PlyCount "153"]
[EventDate "2012.10.11"]
[EventRounds "7"]
[EventCountry "ISR"]

1. Nf3 Nf6 2. c4 c5 3. Nc3 g6 4. d4 cxd4 5. Nxd4 Nc6 6. e4 d6 7. Be2 Nxd4 8.
Qxd4 Bg7 9. Be3 O-O 10. Qd2 a5 11. Rd1 Bd7 12. f3 Bc6 13. b3 Nd7 14. O-O Nc5
15. Rb1 Qb6 16. Rfc1 Rfc8 17. Rc2 Qd8 18. Bf1 h5 19. g3 Kh7 20. Bg2 Qf8 21. Re1
b6 22. Bf2 Ra7 23. f4 Rd7 24. f5 Be5 25. Nd5 Rb8 26. Qd1 Qg7 27. Be3 e6 28. Nf4
Kg8 29. Kh1 Re8 30. Bc1 Rde7 31. Rce2 Kh7 32. h4 Bd4 33. Kh2 Be5 34. Rf2 Kg8
35. Ree2 Bd4 36. Rf1 Be5 37. Qc2 Bb7 38. Ref2 Bd4 39. f6 Qxf6 40. Nxh5 Qh8 41.
Nf6+ Bxf6 42. Rxf6 Nd7 43. Bg5 Nxf6 44. Bxf6 Qh6 45. Bxe7 Rxe7 46. Qf2 Rd7 47.
Qxb6 Qd2 48. Rf2 Qc3 49. Qb5 Re7 50. Qg5 Rd7 51. h5 Qh8 52. Qxa5 d5 53. exd5
Qxh5+ 54. Kg1 Qd1+ 55. Bf1 exd5 56. cxd5 Bxd5 57. Qc3 Be6 58. Rh2 Qd4+ 59. Qxd4
Rxd4 60. Rb2 Rd1 61. Kf2 Kf8 62. b4 Ra1 63. b5 Bxa2 64. b6 Bd5 65. Bg2 Bxg2 66.
Kxg2 Ra8 67. Kf3 Ke7 68. b7 Rb8 69. Kf4 f6 70. Rb6 Kf7 71. Ke4 Ke7 72. Kd5 Kd7
73. Rxf6 Kc7 74. Rf7+ Kb6 75. Ke6 Ka7 76. Kf6 Rg8 77. g4 1-0

[Event "28th European Club Cup Eilat"]
[Site "Eilat"]
[Date "2012.10.16"]
[Round "6"]
[White "Wojtaszek, Radoslaw"]
[Black "Raznikov, Danny"]
[Result "1-0"]
[WhiteElo "2733"]
[BlackElo "2465"]
[PlyCount "59"]
[EventDate "2012.10.11"]
[EventRounds "7"]
[EventCountry "ISR"]

1. c4 c6 2. Nf3 d5 3. e3 Nf6 4. Nc3 a6 5. d4 Bf5 6. Ne5 Nbd7 7. Qb3 Ra7 8. cxd5
cxd5 9. Nxd7 Qxd7 10. Bd2 e6 11. Rc1 Ra8 12. Be2 Bd6 13. Na4 Rc8 14. O-O Rxc1
15. Rxc1 O-O 16. Nb6 Qd8 17. Nc8 Ne4 18. Nxd6 Nxd6 19. Bb4 a5 20. Bxd6 Qxd6 21.
Qxb7 h6 22. Rc8 Rxc8 23. Qxc8+ Kh7 24. Qc5 Qb8 25. b3 Qb4 26. Qxb4 axb4 27. Kf1
Kg8 28. Ke1 Kf8 29. Kd2 Ke7 30. Bd3 1-0

[Event "28th European Club Cup Eilat"]
[Site "Eilat"]
[Date "2012.10.16"]
[Round "6"]
[White "Boruchovsky, Avital"]
[Black "Navara, David"]
[Result "0-1"]
[WhiteElo "2435"]
[BlackElo "2722"]
[PlyCount "58"]
[EventDate "2012.10.11"]
[EventRounds "7"]
[EventCountry "ISR"]

1. e4 c5 2. Nf3 d6 3. d4 Nf6 4. Nc3 cxd4 5. Nxd4 a6 6. Be3 e6 7. g4 e5 8. Nf5
h5 9. g5 Nxe4 10. Nxg7+ Bxg7 11. Nxe4 d5 12. Ng3 e4 13. c3 Nc6 14. Nxh5 Be5 15.
f4 exf3 16. Qxf3 d4 17. O-O-O Be6 18. Nf6+ Bxf6 19. gxf6 Qa5 20. Bxd4 O-O-O 21.
Bd3 Nxd4 22. cxd4 Rxd4 23. Qf2 Rd7 24. Bc2 Rc7 25. Qa7 Rxc2+ 26. Kxc2 Bf5+ 27.
Rd3 Bxd3+ 28. Kxd3 Qd5+ 29. Kc2 Qc6+ 0-1

[Event "28th European Club Cup Eilat"]
[Site "Eilat"]
[Date "2012.10.16"]
[Round "6"]
[White "Arnaudov, G. Petar"]
[Black "Adams, Michael"]
[Result "1/2-1/2"]
[WhiteElo "2471"]
[BlackElo "2720"]
[PlyCount "73"]
[EventDate "2012.10.11"]
[EventRounds "7"]
[EventCountry "ISR"]

1. d4 Nf6 2. c4 e6 3. Nc3 Bb4 4. Nf3 b6 5. e3 Bb7 6. Bd3 O-O 7. O-O c5 8. Na4
cxd4 9. a3 Bd6 10. exd4 Bxf3 11. Qxf3 Nc6 12. Be3 e5 13. c5 exd4 14. cxd6 dxe3
15. Qxe3 Re8 16. Qh3 Re6 17. Rad1 g6 18. Bc4 Re4 19. Bb3 Qf8 20. Nc3 Rd4 21.
Rxd4 Nxd4 22. Qh4 Nxb3 23. Qxf6 Qg7 24. Qe7 Nc5 25. Nd5 Qxb2 26. Nf6+ Kg7 27.
Nxd7 Nd3 28. Qe4 Rd8 29. Qxd3 Rxd7 30. Rd1 Qe5 31. h4 h5 32. g3 Qc5 33. Kg2
Qc6+ 34. Kh2 Qc5 35. Kg2 Qc6+ 36. Kh2 Qc5 37. Kg2 1/2-1/2

[Event "28th European Club Cup Eilat"]
[Site "Eilat"]
[Date "2012.10.16"]
[Round "6"]
[White "Bacrot, Etienne"]
[Black "Mitkov, Marjan"]
[Result "1-0"]
[WhiteElo "2705"]
[BlackElo "2331"]
[PlyCount "109"]
[EventDate "2012.10.11"]
[EventRounds "7"]
[EventCountry "ISR"]

1. Nf3 d5 2. c4 c6 3. e3 Nf6 4. Nc3 g6 5. d4 Bg7 6. Be2 O-O 7. O-O e6 8. Qc2
Nbd7 9. Rd1 b6 10. e4 dxe4 11. Nxe4 Qc7 12. g3 Nxe4 13. Qxe4 Bb7 14. Bf4 c5 15.
Qe3 Qc8 16. Bh6 Rd8 17. Bxg7 Kxg7 18. Rd2 Qc7 19. Rad1 Bxf3 20. Bxf3 Rab8 21.
dxc5 Nxc5 22. b4 Rxd2 23. Rxd2 Na6 24. Qc3+ Kg8 25. Kg2 Qe7 26. a3 Rd8 27.
Rxd8+ Qxd8 28. c5 bxc5 29. bxc5 Nc7 30. Qb2 h5 31. Qb7 a6 32. Qb6 Kf8 33. Kg1
e5 34. Be2 Qe7 35. c6 e4 36. Bxa6 e3 37. Be2 exf2+ 38. Kxf2 Qe5 39. a4 h4 40.
a5 hxg3+ 41. hxg3 Ke7 42. Qb4+ Qd6 43. Qe4+ Qe6 44. Qb4+ Qd6 45. Qe4+ Qe6 46.
Qc2 Kd6 47. Bf3 Qe5 48. Qd2+ Kc5 49. Qa2 f5 50. a6 Kb6 51. a7 Qc5+ 52. Kg2 Qa5
53. Qb2+ Qb5 54. Qd4+ Ka6 55. Qd8 1-0

[Event "28th European Club Cup Eilat"]
[Site "?"]
[Date "2012.10.17"]
[Round "7"]
[White "Ponomariov, Ruslan"]
[Black "Radjabov, Teimour"]
[Result "0-1"]
[WhiteElo "2735"]
[BlackElo "2792"]
[PlyCount "74"]
[EventDate "2012.??.??"]

1. c4 g6 2. g3 Bg7 3. Bg2 c5 4. Nc3 Nc6 5. e3 e5 6. Nge2 Nge7 7. a3 d6 8. d3 a5
9. Nb5 O-O 10. Nec3 f5 11. Bd2 Kh8 12. Rb1 Be6 13. Nd5 Bg8 14. O-O Nxd5 15.
cxd5 Na7 16. Qb3 Qd7 17. Nxa7 Rxa7 18. a4 Bf7 19. Bc3 Be8 20. Ra1 b5 21. axb5
Qxb5 22. Qc2 a4 23. f4 Re7 24. e4 Bd7 25. Rf2 Rfe8 26. Raf1 exf4 27. gxf4 Qb3
28. Qxb3 axb3 29. Rc1 Bb5 30. Bxg7+ Kxg7 31. Rc3 fxe4 32. dxe4 c4 33. Kf1 Bd7
34. Ke1 Bf5 35. Re2 Bxe4 36. Rce3 c3 37. Rxe4 Rxe4 0-1

[Event "28th European Club Cup Eilat"]
[Site "?"]
[Date "2012.10.17"]
[Round "7"]
[White "Grischuk, Alexander"]
[Black "Inarkiev, Ernesto"]
[Result "1/2-1/2"]
[WhiteElo "2752"]
[BlackElo "2683"]
[PlyCount "68"]
[EventDate "2012.??.??"]

1. e4 e5 2. Nf3 Nc6 3. Bb5 a6 4. Ba4 Nf6 5. O-O Be7 6. d3 b5 7. Bb3 d6 8. a4 b4
9. Nbd2 O-O 10. Nc4 Be6 11. h3 h6 12. Be3 Qc8 13. Re1 Rd8 14. Qe2 a5 15. Rad1
Qa6 16. Kh1 Bf8 17. Qf1 Ne7 18. Nfd2 Nd7 19. d4 exd4 20. Bxd4 Nc6 21. Nf3 d5
22. exd5 Bxd5 23. Be3 Bxf3 24. gxf3 Nc5 25. Rxd8 Rxd8 26. Rd1 Qc8 27. Rxd8 Qxd8
28. f4 Nd4 29. Qd1 Qa8+ 30. Kg1 Nf3+ 31. Kf1 Nh2+ 32. Kg1 Nf3+ 33. Kf1 Nh2+ 34.
Kg1 Nf3+ 1/2-1/2

[Event "28th European Club Cup Eilat"]
[Site "?"]
[Date "2012.10.17"]
[Round "7"]
[White "Motylev, Alexander"]
[Black "Kamsky, Gata"]
[Result "1/2-1/2"]
[WhiteElo "2655"]
[BlackElo "2755"]
[PlyCount "66"]
[EventDate "2012.??.??"]

1. e4 e5 2. Nf3 Nc6 3. Bb5 a6 4. Bxc6 dxc6 5. O-O Qd6 6. Na3 f6 7. Nc4 Qe6 8.
b3 c5 9. a4 Nh6 10. c3 Nf7 11. d4 Bd6 12. Ba3 cxd4 13. Nxd6+ cxd6 14. cxd4 O-O
15. Rc1 Rd8 16. Rc7 Rd7 17. Rc3 b5 18. Qc2 Rb7 19. axb5 axb5 20. Bb4 Bd7 21.
Rd1 Rba7 22. h3 Qe8 23. Qd3 Bc6 24. Qe3 h6 25. Rcc1 Kh7 26. Qd3 Kh8 27. Re1 Bd7
28. Red1 Be6 29. Qe3 Kh7 30. Qd3 Kg8 31. Qe3 Kh7 32. Qd3 Kg8 33. Qe3 Kh7
1/2-1/2

[Event "28th European Club Cup Eilat"]
[Site "?"]
[Date "2012.10.17"]
[Round "7"]
[White "Ivanchuk, Vassily"]
[Black "Svidler, Peter"]
[Result "1/2-1/2"]
[WhiteElo "2771"]
[BlackElo "2747"]
[PlyCount "84"]
[EventDate "2012.??.??"]

1. c4 g6 2. Nc3 c5 3. g3 Bg7 4. Bg2 Nc6 5. e3 e6 6. d4 cxd4 7. exd4 d5 8. cxd5
exd5 9. Nge2 Nge7 10. O-O O-O 11. Be3 Bg4 12. Qd2 Bxe2 13. Nxe2 Nf5 14. Rac1
Nxe3 15. fxe3 Ne7 16. Nf4 Bh6 17. Rc3 Qd7 18. Bh3 f5 19. Nd3 Rac8 20. Nc5 Qc6
21. Bg2 b6 22. Nd3 Qd6 23. Rfc1 Rxc3 24. Rxc3 Qe6 25. Nf4 Bxf4 26. exf4 Rc8 27.
Re3 Qd6 28. Re5 Kf7 29. Bf3 h5 30. Kg2 Qd7 31. a3 Rc6 32. Qe2 Rd6 33. Re3 Ng8
34. Rc3 Nf6 35. Qc2 Qe7 36. Rc7 Rd7 37. Rc6 Qe3 38. Qc3 Re7 39. Qxe3 Rxe3 40.
Rc7+ Kf8 41. Rc8+ Ke7 42. Rc7+ Kf8 1/2-1/2

[Event "28th European Club Cup Eilat"]
[Site "?"]
[Date "2012.10.17"]
[Round "7"]
[White "Dominguez Perez, Leinier"]
[Black "Volokitin, Andrei"]
[Result "1/2-1/2"]
[WhiteElo "2734"]
[BlackElo "2724"]
[PlyCount "131"]
[EventDate "2012.??.??"]

1. e4 e5 2. Nf3 Nc6 3. Bb5 Nf6 4. O-O Nxe4 5. d4 Nd6 6. Bxc6 dxc6 7. dxe5 Nf5
8. Qxd8+ Kxd8 9. Rd1+ Ke8 10. Nc3 Ne7 11. Nd4 Ng6 12. Ne4 h5 13. Bg5 Be7 14.
Re1 h4 15. Nd6+ cxd6 16. exd6 f6 17. Bd2 Kf7 18. dxe7 Nxe7 19. h3 Nf5 20. Nxf5
Bxf5 21. c3 Rhe8 22. f3 a5 23. Rxe8 Rxe8 24. Re1 Rd8 25. Be3 a4 26. a3 g5 27.
Kf2 Rd5 28. Re2 Rd1 29. Re1 Rd5 30. Re2 Bd3 31. Rd2 Kg6 32. c4 Bxc4 33. Rxd5
cxd5 34. g3 Kf5 35. gxh4 gxh4 36. Bd4 Bb5 37. Bc3 Bd7 38. Bd4 Kg5 39. Be3+ Kf5
40. Bd4 Be8 41. Kg2 Bb5 42. Kf2 Bd7 43. Kg2 Be6 44. Kf2 Kg5 45. Be3+ Kg6 46.
Kg2 Bf7 47. Kf2 Be8 48. Bd4 Bb5 49. Kg2 Kg5 50. Be3+ Kf5 51. Bd4 Be2 52. Kf2
Bd1 53. Bc3 Kg5 54. Bd2+ Kg6 55. Bc3 Bc2 56. Bd4 Kf7 57. Ke2 Bb1 58. Kf2 Kg6
59. Bc3 Bd3 60. Bd4 Bb5 61. Bc3 Bd7 62. Kg2 Bc6 63. Kf2 Kg5 64. Bd2+ Kf5 65.
Bc3 Bd7 66. Bd4 1/2-1/2

[Event "28th European Club Cup Eilat"]
[Site "?"]
[Date "2012.10.17"]
[Round "7"]
[White "Eljanov, Pavel"]
[Black "Vitiugov, Nikita"]
[Result "1/2-1/2"]
[WhiteElo "2681"]
[BlackElo "2691"]
[PlyCount "127"]
[EventDate "2012.??.??"]

1. d4 e6 2. c4 Bb4+ 3. Bd2 Bxd2+ 4. Qxd2 Nf6 5. Nf3 d5 6. g3 c6 7. Bg2 Nbd7 8.
O-O b6 9. Ne5 Bb7 10. Nc3 O-O 11. Rac1 Qe7 12. f4 Rfd8 13. e3 Rac8 14. Rfd1 h6
15. Bf3 Ba8 16. Qg2 Ne8 17. b3 Nxe5 18. fxe5 f6 19. exf6 Nxf6 20. cxd5 cxd5 21.
Qd2 Bb7 22. Ne2 Qd6 23. Nf4 Rxc1 24. Rxc1 Rc8 25. Rxc8+ Bxc8 26. Qc2 Bd7 27.
Ng6 Qb8 28. Be2 a5 29. Bd3 Be8 30. Ne5 Nd7 31. Nf3 Bh5 32. Qc6 Nf8 33. Ne5 Be8
34. Qc2 Nd7 35. Nf3 Bh5 36. Qc6 Nf8 37. Kg2 Bxf3+ 38. Kxf3 Kf7 39. Bb5 Ke7 40.
h4 Kf6 41. Bd3 Ke7 42. e4 dxe4+ 43. Qxe4 Qd6 44. Qe5 Qc6+ 45. Be4 Qc3+ 46. Kg2
Kf7 47. Kh3 Nd7 48. Qd6 Nf6 49. Qxb6 Nxe4 50. Qb7+ Kf6 51. Qxe4 Qa1 52. h5 Ke7
53. Qb7+ Kf6 54. Qf3+ Ke7 55. Qb7+ Kf6 56. Qe4 Ke7 57. d5 e5 58. Qc2 Qh1+ 59.
Kg4 Qxd5 60. Qc7+ Ke8 61. Qc8+ Ke7 62. Qc7+ Ke8 63. Qc8+ Ke7 64. Qc7+ 1/2-1/2

[Event "28th European Club Cup Eilat"]
[Site "?"]
[Date "2012.10.17"]
[Round "7"]
[White "Romanov, Evgeny"]
[Black "Efimenko, Zahar"]
[Result "0-1"]
[WhiteElo "2611"]
[BlackElo "2689"]
[PlyCount "88"]
[EventDate "2012.??.??"]

1. d4 Nf6 2. c4 e6 3. Nc3 Bb4 4. e3 O-O 5. Nge2 c6 6. a3 Ba5 7. b4 Bc7 8. e4 d6
9. Ng3 a5 10. Rb1 axb4 11. axb4 e5 12. d5 Bb6 13. Be2 Bd4 14. Bd2 Nbd7 15. Bd3
Re8 16. Nce2 Ba7 17. Nf5 cxd5 18. cxd5 Ng4 19. O-O Ndf6 20. Neg3 g6 21. Ne3
Nxe3 22. fxe3 Bg4 23. Qb3 h5 24. h3 h4 25. Nh1 Bd7 26. Rf3 Nh5 27. Be2 Qg5 28.
Kh2 Bb6 29. Rbf1 Rf8 30. g4 hxg3+ 31. Nxg3 Ng7 32. Rg1 Qh4 33. Bf1 Bg4 34. Rf2
Ra1 35. Qd3 Bxh3 36. Bxh3 Rxg1 37. Kxg1 Qxh3 38. Nf1 Nh5 39. Rh2 Qg4+ 40. Kh1
Qf3+ 41. Kg1 f5 42. Qb5 fxe4 43. Qe2 Qxe2 44. Rxe2 Nf4 0-1